Word Ladder: All Your Eggs Quiz Stats

 Plays Quiz Updated May 18, 2018

Challenge
Share
Tweet
Embed
Score 0/22 Timer 04:00
0 Plays Today
Clue 6-Letter Word % Correct
• Spring celebration •• EASTER •
91.1%
What mind wins overMATTER
91%
• Group of puppies •• LITTER •
90.6%
Box-office purchaseTICKET
90.3%
''Hurry up!''FASTER
89.5%
''Wonderland'' seasonWINTER
87.3%
Coin producerMINTER
86%
ExpertMASTER
86%
Second of a pairLATTER
85.7%
Man's addressMISTER
83.7%
Sounded like a clockTICKED
83.6%
Clue 6-Letter Word % Correct
Croquet archWICKET
82%
• Small pliant twig used in outdoor furniture •• WICKER •
81.8%
• Aquarium purifier •• FILTER •
81.6%
Attached to a bulletin boardTACKED
80.8%
Pause uncertainlyFALTER
79.5%
Flirt, at timesWINKER
77.9%
Took in some sunBASKED
77.3%
Assigned work toTASKED
76.9%
• Word to follow each of the highlighted rungs •• BASKET •
70.8%
Show anxietyJITTER
56.8%
Altar no-showJILTER
55.3%

Today's Daily Dose

Word Ladder
Aquatic Life

On This Day
August 21st II

You're not logged in!

Compare scores with friends on all Sporcle quizzes.
Join for Free
OR
Log In

You Might Also Like...

Show Comments

Extras

Top Quizzes Today


Score Distribution

Your Account Isn't Verified!

In order to create a playlist on Sporcle, you need to verify the email address you used during registration. Go to your Sporcle Settings to finish the process.

Report this User

Report this user for behavior that violates our Community Guidelines.

Details: